000 00593nam a2200205 i 4500
001 57826
003 ES-MaACL
005 20250814065125.0
007 t|
008 031017s1934 fr ||||1| fre d
100 1 _aDubois, Marcel.
_945772
245 1 0 _aGeographie económique /
_cMarcel Dubois et J.G. Kergomard.
250 _a4e édition.
260 _aParis :
_bMasson,
_c1934 (
_fImp. Alençonnaise)
300 _aIX, 962 p. ;
_c25 cm.
650 0 7 _aGeografía económica
_2embne
_913077
700 1 _aKergomard, J. G.
_967902
852 _aES-MaACL
_jA-2178
999 _c57826
_d57826